| 000 | 00469nam a2200157Ia 4500 | ||
|---|---|---|---|
| 001 | 64782 | ||
| 008 | 211006n ii |||gr||||Z||||||465 | ||
| 020 | _a9789351501725 | ||
| 082 | _a306.09541 | ||
| 100 |
_aBhaumik, Subir, _eAuthor. |
||
| 245 | 0 |
_aTroubled periphery _cSubir Bhaumik _hTextual Documents |
|
| 260 |
_aNew Delhi: _bSaGE Publications India Pvt. Ltd., _c2015. |
||
| 300 |
_a305p.: _c20cm. |
||
| 653 | _aIndia, Northeastern -Social conditions | ||
| 942 |
_2ddc _cBK |
||
| 999 |
_c65882 _d65882 |
||